| 000 | 01605nam a2200325 a 4500 | ||
|---|---|---|---|
| 001 | ebr10554727 | ||
| 003 | CaPaEBR | ||
| 006 | m u | ||
| 007 | cr cn||||||||| | ||
| 008 | 120509s2012 maua sb 001 0 eng d | ||
| 020 | _z9781614511083 | ||
| 020 | _z9781614511113 (e-book) | ||
| 040 |
_aCaPaEBR _cCaPaEBR |
||
| 035 | _a(OCoLC)794491494 | ||
| 050 | 1 | 4 |
_aP217 _b.S34 2012eb |
| 100 | 1 | _aScheer, Tobias. | |
| 245 | 1 | 2 |
_aA lateral theory of phonology _h[electronic resource]. _nVolume 2, _pDirect interface and one-channel translation : _ba non-diacritic theory of the morphosyntax-phonology interface / _cby Tobias Scheer. |
| 260 |
_aBoston : _bDe Gruyter Mouton, _c2012. |
||
| 300 |
_axxxiv, 378 p. : _bill. (some col.). |
||
| 490 | 1 |
_aStudies in generative grammer, _x0167-4331 ; _v68.2 |
|
| 504 | _aIncludes bibliographical references and indexes. | ||
| 505 | 0 | _apt. 1. Desiderata for a non-diacritic theory of the (representational side of) the interface -- pt. 2. Direct Interface and just one channel -- pt. 3. Behaviour and predictions of CVCV in the environment defined. | |
| 533 |
_aElectronic reproduction. _bPalo Alto, Calif. : _cebrary, _d2013. _nAvailable via World Wide Web. _nAccess may be limited to ebrary affiliated libraries. |
||
| 650 | 0 |
_aGrammar, Comparative and general _xPhonology. |
|
| 650 | 0 | _aPhonetics. | |
| 655 | 7 |
_aElectronic books. _2local |
|
| 710 | 2 | _aebrary, Inc. | |
| 830 | 0 |
_aStudies in generative grammar ; _v68.2. |
|
| 856 | 4 | 0 |
_uhttp://site.ebrary.com/lib/rucke/Doc?id=10554727 _zAn electronic book accessible through the World Wide Web; click to view |
| 999 |
_c197828 _d197828 |
||